Statistics for Animals Quiz #2

Click here to take the quiz!

General Stats

  • This quiz has been taken 11 times
  • The average score is 29 of 40

Answer Stats

Answer% Correct
Gorilla
100%
Hedgehog
100%
Kangaroo
100%
Owl
100%
Snake
100%
Swan
100%
Dolphin
90%
Giraffe
90%
Octopus
90%
Penguin
90%
Polar Bear
90%
Spider
90%
Chicken
80%
Deer
80%
Hippopotamus
80%
Koala
80%
Seahorse
80%
Whale
80%
Anteater
70%
Axolotl
70%
Cheetah
70%
Gecko
70%
Opossum
70%
Orangutan
70%
Puma
70%
Red Panda
70%
Rhinoceros
70%
Sloth
70%
Bear
60%
Manatee
60%
Monkey
60%
Porcupine
60%
Salamander
60%
Squid
60%
Toucan
60%
Pangolin
50%
Platypus
40%
Puffin
40%
Gila Monster
20%
Gibbon
10%

Score Distribution

Percentile by Number Answered

Percent of People with Each Score

Your Score History

You have not taken this quiz